[Event "SVK-ch U16"]
[Site "Dudince"]
[Date "2023.04.22"]
[Round "8"]
[White "Buzalka, Martin"]
[Black "Smetana, Peter"]
[Result "0-1"]
[WhiteElo "1475"]
[BlackElo "1805"]
[PlyCount "104"]
[EventDate "2023.04.16"]
[EventType "swiss"]
[EventRounds "9"]
[EventCountry "SVK"]
[SourceTitle "CBM 213 Extra"]
[Source "ChessBase"]
[SourceDate "2023.05.31"]
[SourceVersion "1"]
[SourceVersionDate "2023.05.31"]
[SourceQuality "1"]

1. d4 Nf6 2. Bf4 b6 3. Nf3 Bb7 4. e3 d6 5. c4 Nbd7 6. Nc3 g6 7. Be2 Bg7 8. 0-0 0-0 9. h3 Ne4 10. Nxe4 Bxe4 11. Nd2 Bb7 12. Bf3 Bxf3 13. Nxf3 e5 14. Bg3 f6 15. Qd2 Qe7 16. Rfe1 Rad8 17. Rad1 Kh8 18. Kh1 e4 19. Ng1 f5 20. Ne2 g5 21. Nc3 Qf7 22. b3 Nf6 23. Rf1 c6 24. f3 exf3 25. Rxf3 Qg6 26. Rg1 Nh5 27. Be1 Rde8 28. g4 fxg4 29. Rxf8+ Rxf8 30. Rxg4 Nf6 31. Rg1 Qh5 32. Qg2 g4 33. h4 Re8 34. Bf2 Bh6 35. Qxc6 Qf5 36. Nd1 d5 37. Rg3 Rc8 38. Qb5 Ne4 39. Rg2 Qf3 40. Qxd5 Qxd1+ 41. Kh2 Qf3 42. Bg3 Nxg3 43. Qe5+ Bg7 44. Qxg3 Qxg3+ 45. Kxg3 h5 46. Rf2 Re8 47. d5 Rxe3+ 48. Kg2 Kg8 49. Rf5 Re5 50. Rf2 Bf8 51. Kg3 Bd6 52. Rf6 Re6+ 0-1

[Event "SVK-chT3B2 2223"]
[Site "Slovakia"]
[Date "2022.10.23"]
[Round "1.4"]
[White "Sunal, Jan"]
[Black "Buzalka, Martin"]
[Result "1-0"]
[WhiteElo "1737"]
[BlackElo "1340"]
[PlyCount "63"]
[EventDate "2022.10.23"]
[EventType "team-tourn"]
[EventRounds "11"]
[EventCountry "SVK"]
[SourceTitle "EXT 2024"]
[Source "ChessBase"]
[SourceDate "2023.10.10"]
[SourceVersion "1"]
[SourceVersionDate "2023.10.10"]
[SourceQuality "1"]
[WhiteTeam "Lehota pod Vtacnikom"]
[BlackTeam "Puchov Vcielka"]
[WhiteTeamCountry "SVK"]
[BlackTeamCountry "SVK"]

1. e4 c6 2. d4 d5 3. exd5 cxd5 4. Nf3 Bg4 5. h3 Bh5 6. Bb5+ Nc6 7. Qd3 Bxf3 8. Qxf3 Nf6 9. Nc3 e6 10. 0-0 Bd6 11. Bg5 0-0 12. a3 Nxd4 13. Qd3 Nxb5 14. Qxb5 Rb8 15. Rad1 h6 16. Bh4 Be5 17. Ne4 g5 18. Nxf6+ Qxf6 19. Bg3 Bxg3 20. fxg3 Qe5 21. Kh2 a6 22. Qb3 b5 23. Rde1 Qd4 24. c3 Qc4 25. Qd1 a5 26. Rf6 Kg7 27. Ref1 Qe4 28. Qh5 Kg8 29. Rxh6 Qe5 30. Rff6 Kg7 31. Rfg6+ fxg6 32. Qxg6# 1-0

[Event "SVK-ch U14"]
[Site "Stara Lubovna"]
[Date "2022.05.25"]
[Round "6"]
[White "Hudak, Jan"]
[Black "Buzalka, Martin"]
[Result "1-0"]
[WhiteElo "1688"]
[BlackElo "1000"]
[PlyCount "39"]
[EventDate "2022.05.21"]
[EventType "swiss"]
[EventRounds "9"]
[EventCountry "SVK"]
[SourceTitle "CBM 208 Extra"]
[Source "ChessBase"]
[SourceDate "2022.07.31"]
[SourceVersion "1"]
[SourceVersionDate "2022.07.31"]
[SourceQuality "1"]

1. e4 c6 2. Nc3 d5 3. Nf3 g6 4. d4 e6 5. Be3 Nd7 6. Be2 c5 7. exd5 exd5 8. Nxd5 cxd4 9. Bxd4 Ngf6 10. Nxf6+ Nxf6 11. Bb5+ Bd7 12. Bxf6 Qa5+ 13. Qd2 Qxd2+ 14. Nxd2 Rg8 15. Bxd7+ Kxd7 16. 0-0-0 Bh6 17. Kb1 Kc7 18. Nc4 Bg7 19. Bxg7 Rxg7 20. Rhe1 1-0

[Event "SVK-ch U14"]
[Site "Stara Lubovna"]
[Date "2022.05.24"]
[Round "5"]
[White "Buzalka, Martin"]
[Black "Krivosik, Matus"]
[Result "1-0"]
[WhiteElo "1000"]
[BlackElo "1224"]
[PlyCount "117"]
[EventDate "2022.05.21"]
[EventType "swiss"]
[EventRounds "9"]
[EventCountry "SVK"]
[SourceTitle "CBM 208 Extra"]
[Source "ChessBase"]
[SourceDate "2022.07.31"]
[SourceVersion "1"]
[SourceVersionDate "2022.07.31"]
[SourceQuality "1"]

1. e4 c6 2. d4 d5 3. e5 c5 4. c3 Nc6 5. Nf3 Bg4 6. Be2 e6 7. h3 Bxf3 8. Bxf3 Nh6 9. Bxh6 gxh6 10. Bh5 cxd4 11. cxd4 Bg7 12. Nc3 Qb6 13. Ne2 Qxb2 14. 0-0 Qa3 15. Qd2 Na5 16. Rfc1 Nc4 17. Qf4 0-0 18. Rc3 Qb2 19. Rac1 Kh8 20. Rg3 Rg8 21. Qxf7 Qb6 22. Qe7 Qd8 23. Qxe6 Nb6 24. Rg4 Rc8 25. Rc3 Rxc3 26. Nxc3 Qc8 27. Qxc8 Rxc8 28. e6 Bf6 29. Bf7 Rd8 30. Nb5 h5 31. Rg3 Bh4 32. Re3 Nc8 33. Bxh5 Bg5 34. Re5 h6 35. g3 Kg7 36. Nc7 Ne7 37. Ne8+ Kh8 38. f4 Nc6 39. Rf5 Be7 40. Nc7 Nxd4 41. Rxd5 Rc8 42. Rxd4 Bc5 43. e7 Bxe7 44. Rd7 Bd8 45. Ne6 Bb6+ 46. Kf1 Rc1+ 47. Bd1 Rc6 48. f5 a5 49. Bb3 Rc1+ 50. Kg2 Rg1+ 51. Kf3 Rf1+ 52. Ke4 Re1+ 53. Kf4 Rf1+ 54. Ke5 Re1+ 55. Kf6 Re3 56. Nf8 Bd4+ 57. Rxd4 Re8 58. Ng6+ Kh7 59. Rd7+ 1-0

[Event "SVK-chT3B2 2122"]
[Site "Slovakia"]
[Date "2022.04.03"]
[Round "7.4"]
[White "Kostelansky, Karol"]
[Black "Buzalka, Martin"]
[Result "1-0"]
[WhiteElo "1821"]
[BlackElo "1000"]
[PlyCount "35"]
[EventDate "2021.10.24"]
[EventType "team-tourn"]
[EventRounds "11"]
[EventCountry "SVK"]
[SourceTitle "EXT 2024"]
[Source "ChessBase"]
[SourceDate "2023.10.10"]
[SourceVersion "1"]
[SourceVersionDate "2023.10.10"]
[SourceQuality "1"]
[WhiteTeam "Povazske Podhradie II"]
[BlackTeam "Puchov Vcielka"]
[WhiteTeamCountry "SVK"]
[BlackTeamCountry "SVK"]

1. e4 c6 2. d4 d5 3. e5 c5 4. dxc5 Nc6 5. Bf4 e6 6. Nc3 Bxc5 7. Qg4 g6 8. 0-0-0 Bxf2 9. Ne4 f5 10. Qf3 Qb6 11. Nd6+ Kf8 12. Nh3 Bd4 13. Rxd4 Nxd4 14. Qa3 Ne7 15. Bh6+ Kg8 16. Ne8 Qd8 17. Nf6+ Kf7 18. Ng5# 1-0